[Event "HUN-chT2 Barcza 1415"]
[Site "Hungary"]
[Date "2014.11.16"]
[Round "?"]
[White "Csorsz, Ferenc Jr"]
[Black "Tiszoczki, Gabor"]
[Result "1/2-1/2"]
[WhiteElo "1934"]
[BlackElo "1875"]
[PlyCount "29"]
[EventDate "2014.09.07"]
[EventType "team-tourn"]
[EventRounds "11"]
[EventCountry "HUN"]
[SourceTitle "EXT 2016"]
[Source "ChessBase"]
[SourceDate "2015.10.08"]
[SourceVersion "1"]
[SourceVersionDate "2015.10.08"]
[SourceQuality "1"]
[WhiteTeam "Nyiregyhaza"]
[BlackTeam "Edeleny"]
[WhiteTeamCountry "HUN"]
[BlackTeamCountry "HUN"]

1. e4 c5 2. Nf3 e6 3. c3 d5 4. exd5 exd5 5. d4 Nf6 6. Bb5+ Bd7 7. Qe2+ Be7 8. Be3 c4 9. Bxd7+ Nbxd7 10. Bf4 0-0 11. 0-0 Re8 12. Qc2 Ne4 13. Nbd2 Ndf6 14. Nxe4 Nxe4 15. Nd2 1/2-1/2

[Event "HUN-chT2 Barcza 1314"]
[Site "Hungary"]
[Date "2014.03.02"]
[Round "8"]
[White "Talian, Pal"]
[Black "Csorsz, Ferenc Jr"]
[Result "1/2-1/2"]
[WhiteElo "1918"]
[BlackElo "1923"]
[PlyCount "91"]
[EventDate "2013.09.08"]
[EventType "team-tourn"]
[EventRounds "11"]
[EventCountry "HUN"]
[SourceTitle "EXT 2016"]
[Source "ChessBase"]
[SourceDate "2015.10.08"]
[SourceVersion "1"]
[SourceVersionDate "2015.10.08"]
[SourceQuality "1"]
[WhiteTeam "Sajobabony"]
[BlackTeam "Nyiregyhaza SISE"]
[WhiteTeamCountry "HUN"]
[BlackTeamCountry "HUN"]

1. d4 c5 2. d5 e5 3. e4 d6 4. Bd3 g6 5. Nc3 Bg7 6. Nf3 Ne7 7. b3 a6 8. a4 0-0 9. 0-0 f5 10. Ng5 h6 11. Ne6 Bxe6 12. dxe6 Nbc6 13. exf5 e4 14. Bxe4 gxf5 15. Bxc6 Bxc3 16. Bxh6 Rf6 17. Bg5 Bxa1 18. Qxa1 Rg6 19. Bxe7 Qxe7 20. Bd5 Kh7 21. Re1 Rag8 22. Qc3 Rf8 23. Qh3+ Kg7 24. Qf3 b6 25. Qf4 Rg4 26. Qf3 Rg6 27. Qc3+ Kh7 28. Qc4 Rff6 29. h3 a5 30. c3 Kg7 31. Qb5 Rxe6 32. Bxe6 Rxe6 33. Rxe6 Qxe6 34. Qxb6 Qe1+ 35. Kh2 Qe5+ 36. g3 Kg6 37. Qxa5 Qe1 38. Kg2 Qe4+ 39. Kg1 Qe1+ 40. Kg2 Qe4+ 41. Kf1 Qb1+ 42. Ke2 Qc2+ 43. Ke3 Qc1+ 44. Kd3 Qf1+ 45. Ke3 Qe1+ 46. Kd3 1/2-1/2

[Event "HUN-chT2 Barcza 1314"]
[Site "Hungary"]
[Date "2013.09.08"]
[Round "1"]
[White "Csorsz, Ferenc Jr"]
[Black "Kun, Imre"]
[Result "1-0"]
[WhiteElo "1923"]
[BlackElo "1940"]
[PlyCount "113"]
[EventDate "2013.09.08"]
[EventType "team-tourn"]
[EventRounds "11"]
[EventCountry "HUN"]
[SourceTitle "EXT 2016"]
[Source "ChessBase"]
[SourceDate "2015.10.08"]
[SourceVersion "1"]
[SourceVersionDate "2015.10.08"]
[SourceQuality "1"]
[WhiteTeam "Nyiregyhaza SISE"]
[BlackTeam "Nadudvar"]
[WhiteTeamCountry "HUN"]
[BlackTeamCountry "HUN"]

1. e4 c5 2. Nf3 d6 3. Bb5+ Bd7 4. Bxd7+ Nxd7 5. 0-0 g6 6. c3 Bg7 7. d4 cxd4 8. cxd4 Rc8 9. Nc3 a6 10. Qd3 Qc7 11. Bd2 Qc4 12. Qe3 Ngf6 13. b3 Qc6 14. Rac1 0-0 15. Qd3 Qc7 16. Nd5 Nxd5 17. Rxc7 Nxc7 18. Rc1 Ne6 19. h3 Rxc1+ 20. Bxc1 Rc8 21. Be3 Nef8 22. Nd2 b5 23. a4 e5 24. dxe5 Bxe5 25. f4 Rc3 26. Qe2 Bg7 27. axb5 axb5 28. Kf2 Ne6 29. Qxb5 Ndc5 30. Qb8+ Bf8 31. f5 Nd3+ 32. Kf3 Ne5+ 33. Ke2 gxf5 34. exf5 Nc6 35. Qb6 Nc7 36. Nb1 Nd5 37. Nxc3 Nxb6 38. Bxb6 Kg7 39. Nd5 Be7 40. b4 Bg5 41. b5 Nb8 42. Bc7 Nd7 43. b6 Nc5 44. Bxd6 Nb7 45. Be5+ Kf8 46. Kd3 Ke8 47. Kc4 Kd7 48. Kb5 Bd8 49. Ka6 Kc8 50. Ka7 Nc5 51. f6 Kd7 52. Bd4 Bxb6+ 53. Nxb6+ Kc6 54. Bxc5 Kxc5 55. Kb7 Kd6 56. Kc8 Kc6 57. Kd8 1-0

[Event "HUN-chT2 Maroczy 1213"]
[Site "Hungary"]
[Date "2013.02.17"]
[Round "7"]
[White "Csorsz, Ferenc Jr"]
[Black "Rakaczki, Csaba"]
[Result "0-1"]
[WhiteElo "1925"]
[BlackElo "2126"]
[PlyCount "52"]
[EventDate "2012.09.16"]
[EventType "team-tourn"]
[EventRounds "11"]
[EventCountry "HUN"]
[SourceTitle "EXT 2014"]
[Source "ChessBase"]
[SourceDate "2013.11.20"]
[SourceVersion "1"]
[SourceVersionDate "2013.11.20"]
[SourceQuality "1"]
[WhiteTeam "Kisvarda"]
[BlackTeam "Debrecen"]
[WhiteTeamCountry "HUN"]
[BlackTeamCountry "HUN"]

1. e4 d5 2. exd5 Nf6 3. d4 Bg4 4. f3 Bf5 5. Bd3 Qxd5 6. Nc3 Qd7 7. Nge2 Bxd3 8. Qxd3 e6 9. 0-0 c6 10. Ne4 Be7 11. a3 Na6 12. Be3 b5 13. Rac1 Nc7 14. c4 0-0 15. Rfd1 Rfd8 16. Qc2 a6 17. cxb5 Ncd5 18. bxc6 Nxe3 19. Qd3 Qa7 20. Qxe3 e5 21. Nc5 exd4 22. Rxd4 Nd5 23. Qd3 Bxc5 24. Kf1 Bxd4 25. Nxd4 Nc7 26. Rc4 Ne6 0-1

[Event "HUN-chT2 Maroczy 1213"]
[Site "Hungary"]
[Date "2012.11.04"]
[Round "3"]
[White "Olah, Gabor Mihaly"]
[Black "Csorsz, Ferenc Jr"]
[Result "1/2-1/2"]
[WhiteElo "2017"]
[BlackElo "1925"]
[PlyCount "34"]
[EventDate "2012.09.16"]
[EventType "team-tourn"]
[EventRounds "11"]
[EventCountry "HUN"]
[SourceTitle "EXT 2014"]
[Source "ChessBase"]
[SourceDate "2013.11.20"]
[SourceVersion "1"]
[SourceVersionDate "2013.11.20"]
[SourceQuality "1"]
[WhiteTeam "Oroshaza"]
[BlackTeam "Kisvarda"]
[WhiteTeamCountry "HUN"]
[BlackTeamCountry "HUN"]

1. d4 c5 2. d5 e5 3. c4 d6 4. Nc3 f5 5. g3 Nf6 6. Bg2 Be7 7. e4 0-0 8. Nge2 fxe4 9. 0-0 Bf5 10. Bg5 Nbd7 11. h3 h6 12. Bxf6 Nxf6 13. g4 Bg6 14. Ng3 Qd7 15. Ncxe4 Nxe4 16. Bxe4 Bxe4 17. Nxe4 Rf4 1/2-1/2

[Event "HUN-chT2 Maroczy 1112"]
[Site "Hungary"]
[Date "2011.11.13"]
[Round "3"]
[White "Arbutina, Sinisa"]
[Black "Csorsz, Ferenc Jr"]
[Result "1-0"]
[WhiteElo "2286"]
[BlackElo "1957"]
[PlyCount "35"]
[EventDate "2011.09.25"]
[EventType "team-tourn"]
[EventRounds "11"]
[EventCountry "HUN"]
[SourceTitle "EXT 2013"]
[Source "ChessBase"]
[SourceDate "2012.11.22"]
[SourceVersion "1"]
[SourceVersionDate "2012.11.22"]
[SourceQuality "1"]
[WhiteTeam "Roszke"]
[BlackTeam "Nyiregyhaza"]
[WhiteTeamCountry "HUN"]
[BlackTeamCountry "HUN"]

1. d4 c5 2. c3 cxd4 3. cxd4 d5 4. Nf3 Nf6 5. Nc3 Nc6 6. Bf4 e6 7. e3 Bd6 8. Bg5 Be7 9. Bd3 0-0 10. 0-0 h6 11. Bh4 Nb4 12. Bb1 Bd7 13. Ne5 Bc6 14. a3 Na6 15. Qd3 g5 16. Bg3 Nb8 17. f4 Re8 18. fxg5 1-0

[Event "HUN-chT U18"]
[Site "Miskolc"]
[Date "2011.11.05"]
[Round "7.3"]
[White "Csorsz, Ferenc Jr"]
[Black "Ongai, Erik"]
[Result "1/2-1/2"]
[WhiteElo "1957"]
[BlackElo "1994"]
[PlyCount "126"]
[EventDate "2011.11.02"]
[EventType "team-swiss"]
[EventRounds "8"]
[EventCountry "HUN"]
[SourceTitle "EXT 2012"]
[Source "ChessBase"]
[SourceDate "2011.11.24"]
[SourceVersion "1"]
[SourceVersionDate "2011.11.24"]
[SourceQuality "1"]
[WhiteTeam "Nyiregyhaza"]
[BlackTeam "Sarvar"]
[WhiteTeamCountry "HUN"]
[BlackTeamCountry "HUN"]

1. e4 c5 2. Nf3 d6 3. Bb5+ Bd7 4. Bxd7+ Qxd7 5. 0-0 e6 6. c3 Ne7 7. d4 cxd4 8. cxd4 d5 9. Ne5 Qd8 10. Qh5 g6 11. Qf3 f5 12. exf5 Nxf5 13. g4 Nd6 14. Nc3 Nd7 15. Nxd7 Qxd7 16. Re1 0-0-0 17. Bf4 Kb8 18. Rac1 h5 19. g5 Ka8 20. Qe3 Re8 21. Qd3 Qf7 22. Be5 Rh7 23. Nb5 Nxb5 24. Qxb5 Qd7 25. Qd3 Bd6 26. Bxd6 Qxd6 27. Qxg6 Rhe7 28. Qf6 a6 29. Kh1 Qd8 30. Qe5 Rf7 31. f4 Rf5 32. Qe3 Qd6 33. Rf1 Ref8 34. Rce1 Rxf4 35. Rxf4 Rxf4 36. Qxe6 Qxe6 37. Rxe6 Rxd4 38. Re5 Kb8 39. g6 Rg4 40. Rxh5 d4 41. Rd5 Kc7 42. g7 Rxg7 43. Rxd4 Kc6 44. h4 Kc5 45. Rf4 Kd5 46. Kh2 Ke5 47. Rf2 b5 48. Kh3 Rg1 49. h5 b4 50. Rg2 Rd1 51. Kh4 Kf5 52. Rf2+ Ke6 53. h6 Rh1+ 54. Kg5 Rg1+ 55. Kh5 Rh1+ 56. Kg6 Rg1+ 57. Kh7 a5 58. Rf8 Rb1 59. Rg8 Rxb2 60. Rg6+ Kf7 61. Rg7+ Kf8 62. Rg8+ Kf7 63. Rg7+ Kf8 1/2-1/2

[Event "HUN-chT U18"]
[Site "Miskolc"]
[Date "2010.11.03"]
[Round "3.6"]
[White "Csorsz, Ferenc Jr"]
[Black "Farkas, Gabor"]
[Result "1-0"]
[WhiteElo "1921"]
[BlackElo "1974"]
[PlyCount "85"]
[EventDate "2010.11.02"]
[EventType "team-swiss"]
[EventRounds "8"]
[EventCountry "HUN"]
[SourceTitle "EXT 2016"]
[Source "ChessBase"]
[SourceDate "2015.10.08"]
[SourceVersion "1"]
[SourceVersionDate "2015.10.08"]
[SourceQuality "1"]

1. e4 c5 2. Nf3 d6 3. Bb5+ Nd7 4. 0-0 Ngf6 5. Re1 a6 6. Bf1 g6 7. c3 b5 8. d4 cxd4 9. cxd4 Bb7 10. Bd3 e5 11. d5 Bg7 12. h3 0-0 13. Be3 h6 14. Qd2 Kh7 15. a4 bxa4 16. Qb4 Qb8 17. Nc3 Ne8 18. Qxa4 Nc5 19. Bxc5 dxc5 20. Qc4 Qa7 21. Ra5 Rc8 22. Na4 Nd6 23. Qa2 c4 24. Bc2 f5 25. Nc3 fxe4 26. Nxe4 Nf5 27. Qa3 Nd4 28. Bd1 Rfd8 29. Nd6 Rc7 30. Nxe5 Bf8 31. Qg3 Rxd6 32. Nxg6 Qb8 33. Bh5 Rg7 34. Qe5 Nb3 35. Qf5 Kg8 36. Nxf8 Nxa5 37. Ne6 Rxd5 38. Qf6 Rxg2+ 39. Kf1 Rxh5 40. Nd8 Bc6 41. Re7 Rxf2+ 42. Qxf2 Bd5 43. Qf6 1-0

[Event "HUN-ch U16"]
[Site "Balatonlelle"]
[Date "2009.06.28"]
[Round "2"]
[White "Nagy, Gabor"]
[Black "Csorsz, Ferenc Jr"]
[Result "1-0"]
[WhiteElo "2210"]
[BlackElo "1854"]
[PlyCount "37"]
[EventDate "2009.06.27"]
[EventType "swiss"]
[EventRounds "9"]
[EventCountry "HUN"]
[SourceTitle "EXT 2011"]
[Source "ChessBase"]
[SourceDate "2010.11.26"]
[SourceVersion "1"]
[SourceVersionDate "2010.11.26"]
[SourceQuality "1"]

1. e4 d5 2. exd5 Qxd5 3. Nf3 Nf6 4. d4 Bf5 5. Be2 e6 6. 0-0 Be7 7. c4 Qd8 8. Nc3 c6 9. h3 0-0 10. Be3 Nbd7 11. a3 Qc7 12. b4 e5 13. dxe5 Nxe5 14. Qb3 Rfd8 15. Nd4 Bg6 16. f4 Ned7 17. Rad1 h6 18. c5 Re8 19. f5 1-0

[Event "HUN-ch U16"]
[Site "Balatonlelle"]
[Date "2009.06.27"]
[Round "1"]
[White "Csorsz, Ferenc Jr"]
[Black "Nemeth, Denes"]
[Result "1/2-1/2"]
[WhiteElo "1854"]
[BlackElo "2132"]
[PlyCount "79"]
[EventDate "2009.06.27"]
[EventType "swiss"]
[EventRounds "9"]
[EventCountry "HUN"]
[SourceTitle "EXT 2011"]
[Source "ChessBase"]
[SourceDate "2010.11.26"]
[SourceVersion "1"]
[SourceVersionDate "2010.11.26"]
[SourceQuality "1"]

1. e4 c5 2. Nf3 d6 3. Bb5+ Bd7 4. Bxd7+ Qxd7 5. 0-0 Nc6 6. Re1 Nf6 7. c3 e6 8. d4 cxd4 9. cxd4 d5 10. Nc3 dxe4 11. Nxe4 Nxe4 12. Rxe4 Qd5 13. Re1 Be7 14. Bf4 0-0 15. Be5 Bb4 16. Re3 Rfd8 17. Qc2 Rac8 18. Ng5 g6 19. Nxh7 Nxe5 20. Qxc8 Kxh7 21. Qc7 Qxd4 22. Qxe5 Qd1+ 23. Re1 Qc2 24. Qe4 Qd2 25. g3 Bc5 26. Re2 Qd7 27. Rc1 Qe7 28. Rec2 b6 29. Rc4 Rd2 30. R1c2 Bxf2+ 31. Kf1 Rxc2 32. Rxc2 Bc5 33. a3 a5 34. Kg2 Qd6 35. Qf4 Qe7 36. Rc4 e5 37. Qh4+ Qxh4 38. Rxh4+ Kg7 39. Rc4 f5 40. b4 1/2-1/2

[Event "HUN-chT U18"]
[Site "Miskolc"]
[Date "2008.10.30"]
[Round "7.8"]
[White "Szepes, Tamas"]
[Black "Csorsz, Ferenc Jr"]
[Result "1-0"]
[WhiteElo "2090"]
[BlackElo "1848"]
[PlyCount "39"]
[EventDate "2008.10.27"]
[EventType "team-swiss"]
[EventRounds "8"]
[EventCountry "HUN"]
[SourceTitle "EXT 2016"]
[Source "ChessBase"]
[SourceDate "2015.10.08"]
[SourceVersion "1"]
[SourceVersionDate "2015.10.08"]
[SourceQuality "1"]

1. d4 c5 2. d5 d6 3. Nc3 g6 4. e4 Bg7 5. Bd3 e5 6. Nge2 a6 7. a4 Ne7 8. 0-0 f5 9. f4 0-0 10. fxe5 Bxe5 11. Bh6 Bg7 12. Qd2 Bd7 13. Bxg7 Kxg7 14. Ng3 Qc8 15. Qg5 Rf7 16. exf5 Bxf5 17. Bxf5 Nxf5 18. Nxf5+ Rxf5 19. Qe7+ Kg8 20. Rxf5 1-0